| 000 | 01137nam a22001457a 4500 | ||
|---|---|---|---|
| 020 | _a81-87433-97-3 | ||
| 082 |
_a872 _bSHA/M |
||
| 100 | _aSHARMA, R C | ||
| 245 | _aMODERN SCIENCE TEACHING | ||
| 260 |
_aDELHI _bDHANPAT RAI PUBLISHING _c2006 |
||
| 300 | _a434 | ||
| 520 | _aSince the last edition of the book a number of developments have taken place in the fieid of science education,particularly in the use of Information Technologies in education.the book has been thoroughly revised and recognized in the light of new developments.the outdated information has been weeded out and information on topics such as microteaching, informetion and educational technologies, action research, science laboratories,content analysis for determining teaching points.National Talent Search Scheme,nature and structure of science,iesson plans on physical and Biological Science etc.have been added.the book has been written in such a way that it can be used for the teaching of methodologies of General Science as well as Physical and Biological Science at the B.Ed. and M.Ed. Levels. | ||
| 650 |
_aSCIENCE IN EDUCATION SECTOR _zINDIA |
||
| 942 | _cBK | ||
| 999 |
_c5379 _d5379 |
||